000 00706nam a2200169 a 4500
005 20140412111310.0
008 010309s19uu xx 00 eng d
020 _a0-06-025566-8
050 _aTR(PS E
_bIt1 1947
100 _aShaw, Charles G.
245 _aIt looked like spilt milk /
_cby Charles G. Shaw.
260 _aNew York :
_bHarperCollins Publishers,
_c1947.
300 _a1 v. (unp.) ; ill.
520 _aSometimes it looked like Spilt Milk. But it wasn't Spilt Milk. Sometimes it looked like a Bird or an Ice Cream Cone or a Birthday Cake or an Angel. But it wasn't a Bird or an Ice Cream Cone or a Birthday Cake or an Angel. What was it?
650 _aClouds - Fiction
999 _c103961
_d103961